The 10 Most Covered Songs in History - Statistics

General Stats
  • This quiz has been taken 42 times
  • The average score is 4 of 10
Answer Stats
Rank Original artist Year Answer % Correct
4 Michael Jackson 1983 Billie Jean
64%
6 Frank Sinatra 1969 My Way
64%
1 The Beatles 1965 Yesterday
64%
9 Leonard Cohen 1984 Hallelujah
62%
7 Simon & Garfunkel 1970 Bridge Over Troubled Water
59%
2 The Rolling Stones 1964 (I Can’t Get No) Satisfaction
33%
8 Bill Withers 1971 Ain’t No Sunshine
28%
3 Elvis Presley 1956 Love Me Tender
21%
5 The Beatles 1966 Eleanor Rigby
18%
10 The Beatles 1964 And I Love Her
10%
No matching quizzes found
Score Distribution
Percent of People with Each Score
Percentile by Number Answered
Your Score History
You have not taken this quiz